| 000 | 00715nam a2200121Ia 4500 | ||
|---|---|---|---|
| 008 | 220615s9999||||xx |||||||||||||| ||und|| | ||
| 100 | _aMenet, Joanna | ||
| 245 | 0 |
_aEntangled Mobilities in the Transnational Salsa Circuit _bThe Esperanto of the Body, Gender and Ethnicity |
|
| 546 | _aEnglish[eng] | ||
| 650 | _aaffect||careers||cultural studies||dance||ethnicity||ethnography||feminism||gender||gender studies||imaginaries||intimacy||migration||mobility||multi-sited||professionals||salsa dancing||sociology||students||transnationalism | ||
| 856 | _uhttps://library.oapen.org/bitstream/20.500.12657/39368/1/9780367433666.pdf||https://library.oapen.org/bitstream/20.500.12657/39368/1/9780367433666.pdf | ||
| 942 | _cEB | ||
| 999 |
_c18813 _d18813 |
||